000 01767cam a22004694i 4500
003 PE-LiUPU
005 20250731173329.0
008 150625s r 000 0 d
020 _a8481696838
035 _a(Sirsi) i9788481696837
040 _aPE-LiUPU
_bspa
_cPE-LiUPU
_erda
049 _aPRUA
082 0 4 _a248.4
_bM26
_221
100 1 _aMartínez Díez, Felicísimo,
_d1943- ,
_eautor.
245 1 0 _aCreer en Jesucristo vivir en cristiano :
_bcristología y seguimiento /
_cFelicísimo Martínez Díez.
264 1 _aEstella, Navarra :
_bVerbo Divino,
_c2005.
300 _a793 páginas ;
_c24 centímetros
336 _atext
_2rdacontent
337 _aunmediated
_2rdamedia
338 _avolume
_2rdacarrier
504 _aIncluye bibliografía.
505 0 _aSituación actual y caminos de la cristología. -Los contenidos de la fe cristiana: La identidad de Jesús, el Cristo, y su significado salvífico. -La propuesta de Jesús o la vida cristiana. .
526 _aSEG42
526 _aSEG41
526 _aSEG40
526 _aSEG39
526 _aP94
526 _aP87
526 _aP86
526 _aP85
526 _aP77
526 _aP76
526 _aP35
541 _g006-35829;
650 0 4 _aCristología.
650 0 4 _aVida cristiana.
942 _2ddc
_cBOOK
949 _a248.4 M26
_wDEWEY
_c1
_i59032
_lCCODEBUL1
_mBUL
_p65.00
_r0
_sY
_tBOOK
_u2015-6-25
_xTEOLOGIA
_zUNKNOWN
_0COMPRA
_o.STAFF. Colección General
994 _aC0
_bPEPRU
596 _a1
999 _a248.4 M26
_wDEWEY
_c47867
_i59032
_f2021-11-10
_g5
_lCCODEBUL1
_mBUL
_p65.00
_r0
_sY
_tBOOK
_u2015-6-25
_xTEOLOGIA
_zUNKNOWN
_0COMPRA
_o.STAFF. Colección General
_d47867
980 _81
_gALBERTO SANCHEZ Responsable de Automatización